I Want - One Direction - All Lyrics - Statistics

General Stats
  • This quiz has been taken 95 times
  • The average score is 294 of 331
Answer Stats
Answer % Correct
a
100%
I
100%
that
100%
you
99%
You
99%
you,
99%
want
97%
want,
97%
when
97%
be
96%
Be
96%
me
96%
by
94%
love
94%
to
94%
it
93%
not
91%
the
91%
your
91%
and
90%
And
90%
in
90%
loved
90%
this,
90%
that's
88%
crazy
87%
Give
87%
give
87%
If
86%
say
86%
But
84%
but
84%
every
84%
just
84%
of
84%
Oh,
84%
take
84%
all
83%
know
83%
would
83%
Would
83%
girls
81%
kiss,
81%
back
80%
you're
80%
Blow
78%
night
78%
things
78%
word
78%
could
77%
look
77%
diamond
75%
Different
75%
find
75%
got
75%
Got
75%
lots
75%
brain
74%
inside
74%
rings
74%
shoes,
74%
have
72%
too?
72%
at
70%
date
70%
preoccupied
70%
insane
68%
into
68%
them
68%
Clothes,
67%
driving
67%
I've
67%
Stuff
67%
because
65%
can't
65%
for
64%
Don’t
62%
heard
61%
should
61%
materials
59%
need
59%
what
58%
hand
57%
wanna
57%
world
57%
You've
57%
accessories
55%
everything
55%
knew
55%
bet
54%
clue
54%
stand
54%
wouldn't
54%
hold
51%
stay
51%
true,
51%
I'll
46%
put
46%
through
46%
changed
45%
No matching quizzes found
Score Distribution
Percent of People with Each Score
Percentile by Number Answered
Your Score History
You have not taken this quiz